000 00734nam a2200253Ia 4500
003 OSt
005 20220928102057.0
006 a|||||r|||| 00| 0
007 ta
008 220927b |||||||| |||| 00| 0 hin d
020 _cINR 395.00
024 _a136621
037 _b37, 17/11/2017, Kiran Book Service
_cTextual
040 _aSDCL
_cSDCL
_bhin
041 _2hin
_ahin
082 _aO152:gx, Q7
100 _aChaturvedi Nand
_9392043
245 0 _aSahitya ki vvapak chintayen
260 _aNew Delhi
_bRajkamal Prakashan
_c2017
300 _a140p.
_ccm.
650 _aHindi
_9391598
942 _hO152:gx, Q7
_cTEXL
_2CC
999 _c712183
_d712183